Statistics for 特定の漢字を含む駅名

Click here to take the quiz!

General Stats

  • This quiz has been taken 582 times
    (249 since last reset)
  • The average score is 116 of 348

Answer Stats

HintAnswer% Correct
84%
只見
77%
姨 | 捨姨捨
76%
放出
76%
雫石
75%
小机
73%
勿来
72%
桶川
71%
70%
籠原
70%
砺波
69%
亘理
69%
嬉野温泉
68%
裾野
67%
犬吠
67%
麹町
66%
66%
枕崎
65%
65%
茗荷谷
65%
誉田
65%
醒ケ井
64%
新疋田
64%
那覇空港
63%
柘植
63%
私市
62%
京終
62%
姶良
62%
大甕
61%
逸見
61%
偕楽園
61%
60%
芽室
60%
鵡川
60%
松任
58%
姪浜
58%
餘部
57%
特牛
57%
野蒜
57%
太宰府
57%
鰍沢口
57%
蹴上
57%
美祢
56%
生麦
56%
賢島
54%
鴫野
54%
東員
54%
鰺ケ沢
54%
54%
音威子府
54%
新得
54%
糀谷
54%
求名
54%
是政
53%
占冠
53%
男衾
53%
黄檗
53%
競艇場前
53%
獨協大学前
53%
碇ケ関
52%
刑部
52%
共和
52%
寅 | 幾幾寅
52%
詫間
51%
新改
51%
屏風浦
51%
蒔田
51%
鼠ケ関
51%
飫肥
51%
新鉾田
50%
察 | 署 | 警警察署前
50%
和邇
49%
溜池山王
48%
扶桑
48%
及位
48%
易 | 貿貿易センター
48%
試 | 験試験場前
47%
標茶
47%
今宮戎
47%
栢山
46%
踊場
46%
企 | 救企救丘
46%
雪が谷大塚
46%
吉祥寺
46%
榊原温泉口
46%
樟葉
46%
網走
45%
驫木
45%
鵯越
45%
洛西口
44%
象潟
44%
螢田
43%
大濠公園
43%
贄川
43%
置賜
43%
刻 | 彫彫刻の森
42%
巌根
42%
聚楽園
42%
祐天寺
42%
実籾
42%
但馬
42%
灸 | 鍼鍼灸大学前
42%
頸城大野
42%
摩耶
41%
辰巳
41%
御幣島
41%
十弗
40%
為栗
40%
彼杵
40%
帷子ノ辻
40%
撮影所前
40%
洞爺
40%
北一已
40%
便 | 郵郵便局前
39%
榴ケ岡
39%
読売ランド前
39%
伊達紋別
39%
乱川
39%
熱郛
39%
艫作
38%
誕生寺
38%
鯨波
38%
印旛日本医大
37%
猊鼻渓
37%
筬島
37%
豊頃
37%
禾生
36%
迦 | 釈大釈迦
36%
薊野
36%
欅平
35%
神埼
35%
小禄
35%
稀府
35%
管 | 臓 | 血心臓血管センター
35%
笑内
35%
展 | 示国際展示場
35%
猿投
35%
護国寺
35%
栂・美木多
34%
雑餉隈
34%
甚目寺
33%
繁藤
33%
卯之町
33%
聖蹟桜ヶ丘
33%
櫟本
33%
杭瀬
32%
航空公園
32%
令和コスタ行橋
32%
翁島
31%
太閤通
31%
文挟
31%
耳成
31%
美談
31%
岨 | 接接岨峡温泉
31%
蓬莱
31%
鰭ヶ崎
31%
朽網
31%
孝子
31%
研究学園
31%
30%
程久保
30%
狸小路
30%
十二兼
30%
帖佐
30%
矢幅
30%
狐ヶ崎
30%
彩都西
30%
五十猛
29%
普代
29%
千畳敷
29%
首里
29%
厳木
28%
椥辻
28%
岩峅寺
28%
勅 | 旨勅旨
28%
苧ヶ瀬
28%
鹿討
28%
冷水浦
27%
蛸地蔵
27%
楚原
27%
掖上
27%
漆山
27%
涸沼
27%
楢原
26%
鉢形
26%
味鋺
26%
与謝野
26%
挿頭丘
26%
弓削
26%
妹背牛
26%
三潴
26%
韓々坂
26%
高擶
25%
鯰田
25%
墨染
25%
野芥
25%
腹帯
25%
爪 | 蚊蚊爪
25%
樅山
25%
雁ノ巣
25%
暘谷
25%
広域公園前
25%
堪 | 遙遙堪
24%
掛澗
24%
野馳
24%
前栽
24%
札弦
24%
畦野
24%
猿猴橋町
24%
徳庵
23%
三菱自工前
23%
採銅所
23%
埴生
23%
欽明路
23%
虹ノ松原
23%
ひこね芹川
23%
建部
23%
邑久
23%
帯解
23%
笈川
23%
浮孔
22%
家庭裁判所前
22%
川桁
22%
東北福祉大前
22%
沿下川沿
22%
湿釧路湿原
22%
鯉川
22%
思案橋
22%
赤碕
22%
苔縄
21%
蔚山町
21%
暁学園前
21%
白兎
21%
鑓見内
21%
香櫨園
21%
旦過
20%
枡形
20%
谷汲口
20%
小金城趾
20%
東觜崎
20%
緋牛内
20%
居組
20%
美章園
20%
辛皮
19%
貞光
19%
石鎚山
19%
肥前麓
19%
湯檜曽
19%
餅原
19%
蟇目
19%
玄武洞
19%
五箇荘
18%
敬川
18%
旧居留地・大丸前
18%
甫嶺
18%
騰波ノ江
18%
御器所
17%
計算科学センター
17%
姥堂
17%
夢前川
17%
博労町
17%
天応
17%
顔戸
17%
比婆山
17%
味噌天神前
16%
少路
16%
嘉例川
16%
小繋
16%
涙橋
16%
合格
16%
感田
16%
義塾高校前
16%
咥内
16%
五百羅漢
16%
竪堀
16%
慈眼寺
15%
三河槙原
15%
清輝橋
15%
虎杖浜
15%
襟野々
15%
松陰神社前
15%
長者ヶ浜潮騒はまなす公園前
15%
黒髪町
15%
歓遊舎ひこさん
14%
善導寺
14%
沢良宜
14%
下唯野
13%
簗場
13%
縮景園前
13%
美薗中央公園
13%
佳景山
13%
相良藩願成寺
13%
千丈
13%
兄畑
12%
樫山
12%
中飯降
12%
寸座
12%
鉄砲町
12%
介良通
12%
東照宮
12%
京都精華大前
11%
工機前
11%
浮鞭
11%
騎射場
11%
粕川
11%
陶磁資料館南
11%
河戸帆待川
10%
椋野
10%
再春医療センター前
10%
伊太祈曽
9%
東屯田通
9%
洲先
8%
潜竜ヶ滝
8%
竈山
8%
慶徳校前
8%
熊本高専前
8%
急患医療センター前
7%
泰澄の里
7%
中納言
7%
行啓通
7%
禅昌寺
7%
於福
7%
小篭通
6%
八木沢・宮古短大
6%
甘露寺前
6%
国立競技場
5%
水族館口
4%
等持院・立命館大学衣笠キャンパス前
4%
環状通東
4%
修大協創中高前
3%

Score Distribution

Percentile by Number Answered

Percent of People with Each Score

Your Score History

You have not taken this quiz since the last reset